000 00538nam a2200205Ia 4500
005 20250508163919.0
008 008 250505s9999 xx 000 0 eng d
020 _a0-19-825074-6
037 _aTextual
040 _aFEDL
_beng
_cFEDL
041 _aeng
_2eng
084 _a115, TOO
_qFEDL
100 _aTooley Michael
245 0 _aTime, tense, and causation
260 _aOxford, UK
_bClarendon Press
_c1997
300 _axvi,403p.
650 _aPhilosophy
942 _cTEXL
_h115, TOO
999 _c1385938
_d1385938